1253 1896 1578 1986 1438 1504 1703 1310 1829 1747 1714 1729 1118 1420 1191 1549 1853 1547 1743 1354 1273 1062 1735 1494 1864 1873 1891 1075 1624 1949 1543 1261 1942 1825 1339 1865 1036 1589 1300 1335 1323 1743 1809 1224 1314 1249 1670 1252 1317 1295 1255 1270 1088 1064 1942 1553 1606 1480 1114 1847 1877 1285 1606 1157 1614 1580 1613 1162 1708 1089 1626 1915 1939 1646 1098 1482 1589 1521 1305 1117 1131 1790 1546 1446 1178 1903 1178 1035 1211 1171 1173 1283 1420 1957 1482 1645 1771 1358 1386 BCNSPRNW ULIB Ver.6.0+V

เปลี่ยนเป็นภาษาไทย

Change to English
 แสดงรายละเอียดบรรณานุกรม
  กลับหน้าหลัก

Brief Record : Get Marc (ISO 2709) : E-mail record : QR code < ปิดหน้าต่าง
LEADER : 00000nam 2200000uu 4500
001    13399109041
003     ULIB
008    110320s2544||||th 000 0 tha d
020    9748539164
060 04 WX157^bช647ก 2544
100 0  ชูชัย ศรชำนิ
245 10 การบริหารการเงินในสถานบริการสุขภาพ /^cชูชัย ศรชำนิ,ปาริฉัตร ตันติยวรงค์
250    พิมพ์ครั้งที่ 1
260    นนทบุรี :^bโครงการสวัสดิการวิชาการ สถาบันพระบรมราชชนกกระทรวงสาธารณสุข,^c2544
300    120 หน้า ;^c21 ซม.
650  7 การเงิน
650  7 นโยบายการเงิน
650  7 การบริหารโรงพยาบาล^xแง่เศรษฐกิจ
650  7 สถานบริการสาธารณสุข^xแง่เศรษฐกิจ
650  7 การบริหารสาธารณสุข
700 0  ปาริฉัตร ตันติยวรงค์
710 2  สถาบันพระบรมราชชนก. ^bโครงการสวัสดิการวิชาการ
945    ^p0^l0^i018980
995    เกษร
999 ^a ใช้งานได้ทุกระบบ
รายการนี้ยังไม่มีแท็ก
คุณยังไม่ได้ล็อกอิน คุณสามารถมีกิจกรรมร่วมกับเว็บไซต์ได้ แต่ต้องล็อกอินก่อน ::
  ล็อกอิน

รายการสื่อสารสนเทศ

ลำดับที่ ประเภท เลขเรียก/บาร์โค้ด สถานที่ สถานะ
- ไม่พบข้อมูล -

รายการใกล้เคียง
    หัวเรื่อง [การเงิน]
    หัวเรื่อง [การบริหารสาธารณสุข]

BibComment


ยังไม่เคยถูกคอมเมนท์

คอมเมนท์ทรัพยากรรายการนี้
  คอมเมนท์: การบริหารการเงินใ..


 Copyright 2026. Bcnsprnw @Library